| 000 | 00000nam 2200000zi 4500 |
| 001 | 9.936357 |
| 003 | CaOODSP |
| 005 | 20240405111022 |
| 006 | m o d f |
| 007 | cr mn||||||||| |
| 008 | 240404e198406 oncbd o f000 0 fre d |
| 040 | |aCaOODSP|bfre|erda|cCaOODSP |
| 043 | |an-cn--- |
| 086 | 1 |aC21-37/24-1984F-PDF |
| 245 | 00|aRapport du Groupe de travail sur l'industrie de la pétrochimie présenté à Monsieur Edward C. Lumley, Ministre de l'Expansion industrielle régionale, Monsieur Jean Chretien, Ministre de l'Energie, des mines, et des ressources. |
| 246 | 34|aRapport du groupe de travail sur l'industrie de la pétrochimie |
| 264 | 1|a[Ottawa] : |b[Ministère de l'expansion industrielle régionale], |cfévrier 1984. |
| 300 | |a1 ressource en ligne (1 volume (en pagination multiple)) : |bgraphiques, cartes |
| 336 | |atexte|btxt|2rdacontent/fre |
| 337 | |ainformatique|bc|2rdamedia/fre |
| 338 | |aressource en ligne|bcr|2rdacarrier/fre |
| 500 | |aPublié aussi en anglais sous le titre : Report of the Petrochemical Industry Task Force to the Honourable Edward C. Lumley, Minister of Regional Industrial Expansion, the Honourable Jean Chretien, Minister of Energy, Mines and Resources. |
| 500 | |aÉdition numérisée de l'imprimé [par Innovation, sciences et développement économique Canada]. |
| 650 | 6|aIndustrie pétrochimique|zCanada. |
| 710 | 1 |aCanada. |bMinistère de l'expansion industrielle régionale, |eorganisme de publication. |
| 775 | 08|tReport of the Petrochemical Industry Task Force to the Honourable Edward C. Lumley, Minister of Regional Industrial Expansion, the Honourable Jean Chretien, Minister of Energy, Mines and Resources.|w(CaOODSP)9.897371 |
| 856 | 40|qPDF|s1.82 Mo|uhttps://publications.gc.ca/collections/collection_2024/isde-ised/c21/C21-37-24-1984-fra.pdf |